00370nam a2200145Ia 4500008004100000020001500041041001200056082001600068100001900084245005100103250000900154260003500163300000800198650001800206221030s9999 xx 000 0 und d a8178085801 aEnglish a105.23bVan aJ. C. Vanhorne 0aFinancial Management Policycby J. C. Vanhorne a12th bPearson EducationaDelhic2002 a814 aBE Management